<?xml version="1.0" encoding="UTF-8"?>
<marc:record xmlns:marc="http://www.loc.gov/MARC21/slim">
   <marc:leader>00000nam a2200000 a 4500</marc:leader>
   <marc:datafield ind1="0" ind2="0" tag="245">
      <marc:subfield code="a">Das Taschengeld Spiel</marc:subfield>
   </marc:datafield>
   <marc:datafield ind1="0" ind2="0" tag="245">
      <marc:subfield code="b">wer wird der beste Taschengeld-Manager?</marc:subfield>
   </marc:datafield>
   <marc:datafield ind1=" " ind2="1" tag="264">
      <marc:subfield code="a">Berlin</marc:subfield>
      <marc:subfield code="b">Schmidt</marc:subfield>
      <marc:subfield code="c">2012</marc:subfield>
   </marc:datafield>
   <marc:datafield ind1="1" ind2=" " tag="520">
      <marc:subfield code="a">Wer kennt das nicht? Eben hat einem Oma noch 2 € zugesteckt und schwupps, schon geht das schöne Geld für ein Eis oder ein neues Comic-Heft wieder drauf. Aber wenn man mal genau schaut, dann gibt's auch jede Menge Gelegenheiten, um mehr aus seinem Taschengeld zu machen. Wie in diesem Spiel, wo man aus 15 € Taschengeld 30 € machen muss. Deshalb kommt es darauf an, sein Geld clever einzuteilen, etwas dazuzuverdienen und dabei sein Sparschwein fett zu machen. Für 2-6 Spieler ab 6 Jahren.</marc:subfield>
   </marc:datafield>
   <marc:datafield ind1=" " ind2=" " tag="500">
      <marc:subfield code="a">Spieler: 2-6.</marc:subfield>
   </marc:datafield>
</marc:record>
